[Event "Korolev-ch"]
[Site "Korolev"]
[Date "2000.??.??"]
[Round "6"]
[White "Lukjanenko, Evgeny"]
[Black "Kemenov, Valery"]
[Result "1-0"]
[WhiteElo "2235"]
[BlackElo "2122"]
[PlyCount "93"]
[EventDate "2000.??.??"]
[EventType "swiss"]
[EventRounds "9"]
[EventCountry "RUS"]
[SourceTitle "EXT 2006"]
[Source "ChessBase"]
[SourceDate "2005.11.24"]
[SourceVersion "1"]
[SourceVersionDate "2005.11.24"]
[SourceQuality "1"]

1. d4 d5 2. c4 e6 3. Nc3 Nf6 4. Bg5 Nbd7 5. e3 Be7 6. Nf3 b6 7. cxd5 exd5 8. Ne5 Bb7 9. Bb5 0-0 10. Bc6 Bxc6 11. Nxc6 Qe8 12. Nxe7+ Qxe7 13. Nxd5 Qd6 14. Nxf6+ Nxf6 15. 0-0 Rac8 16. Rc1 c6 17. Qf3 Rfe8 18. Bxf6 gxf6 19. Rc3 Qd5 20. Qxd5 cxd5 21. Rfc1 Rxc3 22. Rxc3 Kf8 23. Rc7 Re7 24. Rc8+ Re8 25. Rxe8+ Kxe8 26. Kf1 Kd7 27. Ke2 Kc6 28. Kd3 f5 29. f3 Kd6 30. e4 f4 31. g3 fxg3 32. hxg3 h5 33. Ke3 f6 34. Kf2 a6 35. Kg2 dxe4 36. fxe4 Kc6 37. Kf3 Kb5 38. Kf4 Kc4 39. e5 fxe5+ 40. Kxe5 Kd3 41. d5 Kc2 42. d6 Kxb2 43. d7 Kxa2 44. d8Q a5 45. Qxb6 a4 46. Kd4 a3 47. Kc3 1-0